عرض عادي
عرض مارك
- تكنولوجيا المعلومات
مدخل مصطلح موضوعي
001 - رقم الضبط
- حقل الضبط: 110172
003 - معرف رقم الضبط
- حقل الضبط: OSt
005 - تاريخ ووقت أخر عملية
- حقل الضبط: 20221103100035.0
008 - عناصر بيانات ثابتة الطول
- حقل تحكم ثابت الطول: 221103|| aca||aabn | a|a d
040 ## - مصدر الفهرسة
- هيئة الفهرسة الأصلية: OSt
- وكالة الكتابة: OSt
150 ## - مدخل-- مصطلح تاريخي
- عنصر مدخل المصطلح الموضوعي او الاسم الجغرافي: تكنولوجيا المعلومات
670 ## - بيانات المصدر موجوده
- الاستشهاد بالمصدر: Work cat.: (OSt)24065: أوليفا، لورنس م. 15625, أمن تقنية المعلومات :, 2011
